000
00218nam a2200097Ia 4500
008
240331s9999 xx 000 0 und d
082
_b
CAT
100
_a
Carter, C
245
3
_a
An English-Sinhalese dictionary
942
_c
L
999
_c
3277
_d
3277